|
|
|
|
| LEADER |
00998nab a2200289 i 4500 |
| 001 |
publ32160 |
| 005 |
20250320145147.0 |
| 008 |
250320s1993 hu o 000 eng d |
| 022 |
|
|
|a 0367-8377
|
| 024 |
7 |
|
|a 10.1111/j.1399-3011.1993.tb00116.x
|2 doi
|
| 024 |
7 |
|
|a 1375279
|2 mtmt
|
| 040 |
|
|
|a SZTE Publicatio Repozitórium
|b hun
|
| 041 |
|
|
|a eng
|
| 100 |
1 |
|
|a Pinski Jacek
|
| 245 |
1 |
0 |
|a Evaluation of biological-activities of new LH-RH antagonists (T-series) in male and female rats
|h [elektronikus dokumentum] /
|c Pinski Jacek
|
| 260 |
|
|
|c 1993
|
| 300 |
|
|
|a 66-73
|
| 490 |
0 |
|
|a INTERNATIONAL JOURNAL OF PEPTIDE AND PROTEIN RESEARCH
|v 41 No. 1
|
| 650 |
|
4 |
|a Klinikai orvostan
|
| 700 |
0 |
1 |
|a Yano Tetsu
|e aut
|
| 700 |
0 |
1 |
|a Janáky Tamás
|e aut
|
| 700 |
0 |
1 |
|a Nagy Attila
|e aut
|
| 700 |
0 |
1 |
|a Juhász Attila
|e aut
|
| 700 |
0 |
1 |
|a Bokser Lazaro
|e aut
|
| 700 |
0 |
1 |
|a Groot Kate
|e aut
|
| 700 |
0 |
1 |
|a Schally Andrew V
|e aut
|
| 856 |
4 |
0 |
|u http://publicatio.bibl.u-szeged.hu/32160/1/aok_klny_576_93.pdf
|z Dokumentum-elérés
|